[Event "Senior DM 2017 - 65+"]
[Site "Logumkloster"]
[Date "2017.02.18"]
[Round "7"]
[White "Palm, Eivind"]
[Black "Stald, Flemming"]
[Result "0-1"]
[WhiteElo "1848"]
[BlackElo "1945"]
[PlyCount "128"]
[EventDate "2017.02.??"]
[EventType "swiss"]
[EventRounds "7"]
[EventCountry "DEN"]
[WhiteClock "0:08:56"]
[BlackClock "0:43:52"]

1. c4 c5 2. Nc3 Nf6 3. g3 g6 4. Bg2 Bg7 5. Nf3 Nc6 6. d4 cxd4 7. Nxd4 O-O 8.
O-O Qb6 9. Nxc6 dxc6 10. Qc2 e5 11. Na4 Qc7 12. b3 b6 13. Bb2 Be6 14. Rfd1 Rad8
15. Rac1 Bf5 16. e4 Be6 17. Rxd8 Rxd8 18. Rd1 Ne8 19. Rd3 f6 20. Qd2 Rxd3 21.
Qxd3 Qd7 22. Qxd7 Bxd7 23. Kf1 Kf7 24. Ke2 Bf8 25. Kd3 Nc7 26. Bc1 h5 27. Be3
Na6 28. Kc3 Be7 29. h4 Nc7 30. Nb2 c5 31. Kd3 Ne6 32. Nd1 Nd4 33. Nc3 Bd8 34.
Nd5 a5 35. Bxd4 exd4 36. f4 b5 37. e5 fxe5 38. fxe5 b4 39. Nf4 Bc7 40. Bd5+ Kg7
41. e6 Be8 42. Ke4 Bxf4 43. Kxf4 Kf6 44. Ke4 g5 45. hxg5+ Kxg5 46. Ke5 Kg4 47.
Be4 Kxg3 48. Kd6 Kf4 49. Bc6 Bg6 50. e7 h4 51. Kxc5 d3 52. e8=Q Bxe8 53. Bxe8
h3 54. Kb5 d2 55. Bh5 h2 56. Kxa5 h1=Q 57. Be2 Qb7 58. c5 Ke5 59. Ba6 Qc7+ 60.
Kxb4 d1=Q 61. a4 Qd4+ 62. Ka3 Qcxc5+ 63. Ka2 Qd2+ 64. Ka1 Qcc1# 0-1